| 000 | 01172nac a22003137a 4500 | ||
|---|---|---|---|
| 001 | BR8901148 | ||
| 003 | BR-BrBNA | ||
| 005 | 20240105120921.0 | ||
| 008 | 230509b bl.|||m| |||| 00| 0 por d | ||
| 040 |
_aBR-BrBNA _bpor _cBiblioteca Nacional de Agricultura |
||
| 072 | _aL02; L01 | ||
| 090 | _a5240 BR8901148 | ||
| 100 | 1 | _aSilveira, V.C.P. | |
| 100 | 1 | _aOliveira, N.M. de | |
| 100 | 1 | _aMoraes, J.C.F. | |
| 110 | 1 | _aCentro Nacional de Pesquisa de Ovinos, Bage, RS (Brasil) | |
| 245 | 1 | _aAvaliacao dos efeitos da suplementacao alimentar e do manejo diferenciado na producao de borregas durante a recria em campo vivo | |
| 246 | 1 | _a[Evaluation of the effects of the supplementary feeding and differencied management in the production of yearling sheeps during breeding in fields] | |
| 260 | 3 |
_aBage, RS (Brasil): _c1988. |
|
| 300 | _a3 p. | ||
| 490 |
_aPesquisa em Andamento - Centro Nacional de Pesquisa de Ovinos (Brazil) _vno. 15 _xISSN 0101-9740 |
||
| 650 | _aOVINO | ||
| 650 | _aSUPLEMENTO ALIMENTAR | ||
| 650 | _aMANEJO | ||
| 650 | _aPRODUTIVIDADE | ||
| 650 | _aBAGE | ||
| 909 |
_a202312 _bLúcia Elande _c55 _dLúcia Elande |
||
| 942 |
_2AGRIS _n0 _cMS |
||
| 999 |
_c282175 _d282175 |
||